Central Library OPAC University of Rajshahi

সমকালে শেখ মুজিবুর রহমান ১৯২০-১৯৭৫ : (Record no. 78853)

MARC details
000 -LEADER
fixed length control field 01042nam a2200229 a 4500
001 - CONTROL NUMBER
control field 78853
003 - CONTROL NUMBER IDENTIFIER
rucl marc code BD-RjUL
005 - DATE AND TIME OF LATEST TRANSACTION
control field 20211209083200.0
008 - FIXED-LENGTH DATA ELEMENTS--GENERAL INFORMATION
fixed length control field 211122s2021 bg ||||| |||| 00| 0 ben d
020 ## - INTERNATIONAL STANDARD BOOK NUMBER
International Standard Book Number 9789842006357
Terms of availability : Tk. 990.00
035 ## - SYSTEM CONTROL NUMBER
System control number (BD-RjUL)79080
040 ## - CATALOGING SOURCE
Original cataloging agency BD-RjUL
Language of cataloging eng
Transcribing agency BD-RjUL
041 ## - LANGUAGE CODE
Language code of text/sound track or separate title ben
082 ## - DEWEY DECIMAL CLASSIFICATION NUMBER
Edition number 23
Classification number 954.9205092
Author mark and year HOS 2021
100 ## - MAIN ENTRY--PERSONAL NAME
Personal name হোসেন, জয়নাল
9 (RLIN) 250329
245 10 - TITLE STATEMENT
Title সমকালে শেখ মুজিবুর রহমান ১৯২০-১৯৭৫ :
Remainder of title ইতিহাসের বাঁকে বাঁকে মুক্তি সংগ্রাম /
Statement of responsibility, etc. জয়নাল হোসেন
260 ## - PUBLICATION, DISTRIBUTION, ETC. (IMPRINT)
Place of publication, distribution, etc. ঢাকা :
Name of publisher, distributor, etc. অ্যাডর্ন পাবলিকেশন,
Date of publication, distribution, etc. ২০২১
300 ## - PHYSICAL DESCRIPTION
Pagination ৪২৯ পৃ. :
Illustrations চিত্রসমূহ ;
Size ২২ সেমি.
600 ## - SUBJECT ADDED ENTRY--PERSONAL NAME
Personal name মুজিবুর রহমান ,
Titles and other words associated with a name শেখ,
Dates associated with a name ১৯২০-১৯৭৫
Personal name Mujibur Rahman,
Titles and other words associated with a name Sheikh,
Dates associated with a name 1920-1975
942 ## - ADDED ENTRY ELEMENTS (KOHA)
Source of classification or shelving scheme Dewey Decimal Classification
Koha item type Books
Holdings
Lost status Source of classification or shelving scheme Damaged status Not for loan Collection code Permanent Location Current Location Shelving location Date acquired Source of acquisition Cost, normal purchase price Total Checkouts Full call number Date last seen Copy number Koha item type
  Dewey Decimal Classification     Non-fiction Central Library, University of Rajshahi Central Library, University of Rajshahi   14/11/2021 Rajshahi Bidasagar 742.50   B 954.9205092 HOS 2021 22/11/2021 C-2 Books
  Dewey Decimal Classification   Not For Loan Non-fiction Central Library, University of Rajshahi Central Library, University of Rajshahi Bangabandhu Corner Section 14/11/2021 Rajshahi Bidasagar 742.50   B 954.9205092 HOS 2021 22/11/2021 C-1 Books